| 000 | 00402nam a2200145Ia 4500 | ||
|---|---|---|---|
| 008 | 161220s9999 xx 000 0 und d | ||
| 040 | _aPK-NaQUE | ||
| 100 | _a98CE89 | ||
| 100 | _aGulshan Ood | ||
| 245 | 0 | _aTime Management Structural Work MCB Tower Karachi Using Primavera & MS Project 2002 | |
| 260 | _aNawabshah | ||
| 260 | _bQUEST | ||
| 260 | _c1998 | ||
| 700 | _aDepartment Of Civil Engineering | ||
| 999 |
_c56982 _d56979 |
||